| 000 | 00909cac a22002655a 4500 | ||
|---|---|---|---|
| 008 | 100310s2009 nyudao||r|||| 001 0 eng d | ||
| 010 | _a 2006010876 | ||
| 020 | _a9780070091771 | ||
| 020 | _a0070091773 | ||
| 040 |
_aEG-ScBUE _beng _cEG-ScBUE |
||
| 082 | 0 | 4 |
_a658.5 _bSTE _222 |
| 100 | 1 |
_aStevenson, William J. _912442 |
|
| 245 | 1 | 0 |
_aOperations management / _cWilliam J. Stevenson. |
| 250 | _a10th ed. | ||
| 260 |
_aNew York : _bMcGraw-Hill /Irwin, _c2009. |
||
| 300 |
_axxxii, 906 p.: _bill. (col.), tables, charts ; _c27 cm. |
||
| 490 | _aThe McGraw-Hill/Irwin series operations and decision sciences | ||
| 500 | _aIncludes indexes. | ||
| 590 | _aDoha Ragab | ||
| 650 | 0 |
_aProduction management. _912443 _2BUEsh |
|
| 651 | _2BUEsh | ||
| 653 |
_bBUSADM _cAugust2015 |
||
| 856 | 4 | 1 |
_3Table of contents only _uhttp://www.loc.gov/catdir/toc/ecip0611/2006010876.html |
| 942 |
_cBB _k658.5STE _2ddc |
||
| 999 |
_c13625 _d13625 |
||